000 01189nam a2200349 c 4500
999 _c189708
_d189708
003 BLK
005 20200818145335.0
008 180411b bul|||||r ||||||| ||bul||
010 _aKNG00198754000
040 _aBLK
041 _aBUL
_cBUL
080 _aФизикални средства. Лечение с природни средства
_b615.83
_x(497.2-21)
_z615.83(497.2-21)
100 1 _aСтанчев, Коста
_eпърви автор
_9344934
139 _aСтанчев, Коста
_bС 70
245 1 0 _aВелинград
_cКоста Станчев.
257 _aBGR
260 _aСофия
_bМедицина и физкултура
_c1975
_fПловдив : Д. Благоев
300 _a56 с.
_c17 см
380 _a91
490 1 _aНаши курорти
500 _a25 095 тир.
650 4 _aКурортно лечение - терапия
_9160014
651 4 _aБългария
_9241624
653 _aтуризъм
653 _aкурорти
653 _aВелинград
852 _aЦб І14247
856 4 _qpdf
856 4 _qpdf
942 _cKNG
_n0
_s1
944 _aCR
_c23.12.2016
_kЕлиз_Шакирова
944 _aED
_c23.12.2016
_kЕлиз_Шакирова
999 _d189708